[Event "Dmitrov 2012 open"]
[Site "Dmitrov"]
[Date "2012.07.27"]
[Round "4.1"]
[White "Izotov, Sergey"]
[Black "Ustinov, Alexey"]
[Result "1/2-1/2"]
[WhiteElo "2123"]
[BlackElo "2155"]
[PlyCount "95"]
[EventDate "2012.07.25"]

1. e4 c5 2. Nf3 d6 3. c3 Nf6 4. Be2 Nc6 5. d4 cxd4 6. cxd4 d5 7. e5 Ne4 8. O-O
e6 9. Nc3 Be7 10. Bd3 Nxc3 11. bxc3 O-O 12. Ne1 f6 13. f4 fxe5 14. fxe5 Rxf1+
15. Kxf1 Qf8+ 16. Kg1 Bd7 17. Rb1 b6 18. Qh5 g6 19. Qh3 Nd8 20. Bh6 Qe8 21. Nf3
Nf7 22. Bd2 Rc8 23. Qg4 Qf8 24. h4 Qg7 25. Rf1 b5 26. Rb1 a6 27. g3 Rf8 28. Kg2
Nd8 29. Rh1 Be8 30. Ng5 Bf7 31. Bc2 Kh8 32. Rf1 Bg8 33. Ra1 h6 34. Nh3 Bh7 35.
Be3 g5 36. Bxh7 Qxh7 37. hxg5 Qc2+ 38. Bf2 Bxg5 39. Rf1 Be3 40. Kg1 Qxc3 41.
Qg6 Rg8 42. Qf6+ Kh7 43. Kg2 Qxd4 44. Qe7+ Kh8 45. Qf6+ Kh7 46. Qe7+ Kh8 47.
Qf6+ Kh7 48. Qe7+ 1/2-1/2

[Event "Dmitrov 2012 open"]
[Site "Dmitrov"]
[Date "2012.07.27"]
[Round "4.2"]
[White "Denishev, Marat"]
[Black "Volkov, Sergei"]
[Result "0-1"]
[WhiteElo "2139"]
[BlackElo "2136"]
[PlyCount "111"]
[EventDate "2012.07.25"]

1. e4 Nf6 2. e5 Nd5 3. c4 Nb6 4. d4 d6 5. exd6 cxd6 6. Nc3 g6 7. Nf3 Bg7 8. Be3
O-O 9. Be2 Nc6 10. Rc1 Bg4 11. b3 d5 12. c5 Nc8 13. h3 Bxf3 14. Bxf3 e6 15. O-O
N8e7 16. Qd2 Nf5 17. Rfd1 Ncxd4 18. Bg4 h5 19. Bxf5 Nxf5 20. Nb5 a6 21. Nd6
Nxd6 22. cxd6 Be5 23. Qb4 Rb8 24. Bf4 a5 25. Qd2 Qxd6 26. Bh6 Rfc8 27. Qxa5
Bh2+ 28. Kf1 Bf4 29. Bxf4 Qxf4 30. Qd2 Qxd2 31. Rxc8+ Rxc8 32. Rxd2 Kf8 33. Ke2
Ke7 34. a4 Kd6 35. b4 Rc4 36. Rb2 Kc6 37. Kd3 e5 38. f3 f5 39. g3 e4+ 40. fxe4
fxe4+ 41. Ke3 g5 42. Rb3 Kd6 43. a5 Ke5 44. b5 d4+ 45. Kd2 Rc5 46. Rb4 Kd5 47.
Ke2 Rc2+ 48. Kd1 Ra2 49. a6 b6 50. Kc1 e3 51. Kb1 e2 52. Kxa2 e1=Q 53. a7 Qe8
54. Ra4 Qa8 55. Kb2 Kc5 56. Kc2 0-1

[Event "Dmitrov 2012 open"]
[Site "Dmitrov"]
[Date "2012.07.27"]
[Round "4.3"]
[White "Tarmosin, Mikhail"]
[Black "Asrian, Armen"]
[Result "1-0"]
[WhiteElo "2100"]
[BlackElo "2119"]
[PlyCount "95"]
[EventDate "2012.07.25"]

1. e4 c5 2. Nf3 d6 3. d4 cxd4 4. Nxd4 Nf6 5. Nc3 a6 6. Be2 e5 7. Nb3 Be6 8. Bg5
Nbd7 9. Qd2 Be7 10. O-O-O Rc8 11. f3 b5 12. Kb1 Nb6 13. Na5 Qc7 14. Bxf6 gxf6
15. a3 Rg8 16. g4 Nd7 17. Nb3 Bf8 18. Rhg1 Rg6 19. h4 Ke7 20. f4 exf4 21. Qxf4
Ne5 22. Nd4 Qc5 23. g5 fxg5 24. hxg5 h6 25. Bh5 hxg5 26. Rxg5 Rf6 27. Nf5+ Kd7
28. Qg3 Bxf5 29. Rxf5 Rxf5 30. exf5 f6 31. Qg8 Qc4 32. Qg2 Qc6 33. Nd5 Be7 34.
c3 Qc4 35. Qg7 Qe4+ 36. Ka1 Qxf5 37. Qxe7+ Kc6 38. Be8+ Kc5 39. b4+ Kc4 40.
Ne3+ Kb3 41. Nxf5 Rxc3 42. Qxd6 Nc4 43. Bf7 Kc2 44. Bxc4 bxc4 45. Qd2+ Kb3 46.
Nd4+ Kxa3 47. Qxc3+ Ka4 48. Qxc4 1-0

[Event "Dmitrov 2012 open"]
[Site "Dmitrov"]
[Date "2012.07.27"]
[Round "4.4"]
[White "Struzhkin, Denis"]
[Black "Bivol, Alina"]
[Result "1/2-1/2"]
[WhiteElo "2056"]
[BlackElo "2175"]
[PlyCount "80"]
[EventDate "2012.07.25"]

1. e4 e6 2. d4 d5 3. e5 c5 4. c3 Nc6 5. Nf3 Bd7 6. Be2 Rc8 7. O-O Nge7 8. dxc5
Ng6 9. b4 Ngxe5 10. Nxe5 Nxe5 11. Be3 Be7 12. Nd2 O-O 13. f4 Ng6 14. Rc1 Bf6
15. Nf3 Qc7 16. g3 Rfd8 17. Bd4 e5 18. fxe5 Nxe5 19. Nxe5 Bxe5 20. Bxe5 Qxe5
21. Bf3 Bh3 22. Re1 Qg5 23. Qd4 Be6 24. Rcd1 Qf5 25. Bg2 Qc2 26. Rd2 Qa4 27.
Re5 Qa3 28. Bxd5 Bxd5 29. Rxd5 Rxd5 30. Qxd5 Qxc3 31. b5 g6 32. Rf2 Qa5 33.
Qxb7 Qb4 34. b6 Qxc5 35. bxa7 Qa5 36. Qe7 Qd5 37. Re2 Ra8 38. Qe4 Qxe4 39. Rxe4
Rxa7 40. a4 f5 1/2-1/2

[Event "Dmitrov 2012 open"]
[Site "Dmitrov"]
[Date "2012.07.27"]
[Round "4.5"]
[White "Rumjantsev, Juri"]
[Black "Kirillov, Nikolay"]
[Result "1-0"]
[WhiteElo "2133"]
[BlackElo "2061"]
[PlyCount "91"]
[EventDate "2012.07.25"]

1. e4 e6 2. d4 d5 3. Nc3 Nf6 4. e5 Nfd7 5. Qg4 f5 6. Qg3 Kf7 7. Nf3 h6 8. h4
Be7 9. Ne2 g6 10. Nf4 Nf8 11. Be2 c5 12. c4 Nc6 13. cxd5 exd5 14. dxc5 Bxc5 15.
O-O Be6 16. Rd1 Qd7 17. Bc4 Ne7 18. Bb3 Rd8 19. Be3 Qb5 20. Bxc5 Qxc5 21. Rac1
Qb6 22. Nd4 Rg8 23. Qf3 a6 24. h5 gxh5 25. Ndxe6 Nxe6 26. Nxd5 Nxd5 27. Bxd5
Rg5 28. Bxe6+ Kxe6 29. Rxd8 Qxd8 30. Qxb7 Rg4 31. Qxa6+ Kxe5 32. Qb5+ Kf6 33.
Qc6+ Kg5 34. Qf3 h4 35. Rc6 Qd2 36. Qe3+ Qxe3 37. fxe3 h3 38. Rc2 Rg3 39. Re2
Kg4 40. Kh2 h5 41. b4 h4 42. b5 hxg2 43. Rxg2 Kf3 44. Rxg3+ hxg3+ 45. Kg1 Kxe3
46. b6 1-0

[Event "Dmitrov 2012 open"]
[Site "Dmitrov"]
[Date "2012.07.27"]
[Round "4.6"]
[White "Rudenok, Tatiana"]
[Black "Berezin, Viktor"]
[Result "1-0"]
[WhiteElo "2023"]
[BlackElo "2124"]
[PlyCount "103"]
[EventDate "2012.07.25"]

1. e4 e5 2. d4 exd4 3. Qxd4 Nc6 4. Qe3 Nf6 5. Nc3 d6 6. Bd2 Be7 7. O-O-O O-O 8.
h4 Ng4 9. Qg3 Bf6 10. f3 Be5 11. f4 Bd4 12. Nh3 Re8 13. Bc4 Bxc3 14. Bxc3 Rxe4
15. Bxf7+ Kf8 16. f5 Bxf5 17. Ng5 Re2 18. Bb3 Qe7 19. Rhf1 Qe3+ 20. Qxe3 Nxe3
21. Ne6+ Ke7 22. Nxg7 Rf8 23. Nxf5+ Nxf5 24. g4 Nfd4 25. Rxf8 Nxb3+ 26. axb3
Kxf8 27. Rf1+ Kg8 28. Rf5 Re4 29. Rg5+ Kf8 30. Rg7 Re7 31. Rxe7 Kxe7 32. Kd2
Ke6 33. Ke3 d5 34. h5 Nd8 35. Kf4 c5 36. Bg7 b5 37. g5 Kf7 38. Bf6 Nc6 39. Kf5
Nb4 40. c3 Nd3 41. g6+ hxg6+ 42. hxg6+ Kg8 43. Ke6 Nxb2 44. Kxd5 Nd3 45. Be7 c4
46. b4 Kg7 47. Kc6 Ne5+ 48. Kxb5 Kxg6 49. Bc5 Kf5 50. Bxa7 Ke6 51. Bd4 Nd7 52.
Kxc4 1-0

[Event "Dmitrov 2012 open"]
[Site "Dmitrov"]
[Date "2012.07.27"]
[Round "4.7"]
[White "Ofitserian, Boris"]
[Black "Studennikov, Dmitry"]
[Result "1/2-1/2"]
[WhiteElo "2049"]
[BlackElo "1650"]
[PlyCount "134"]
[EventDate "2012.07.25"]

1. e4 c6 2. d4 d5 3. exd5 cxd5 4. c4 Nf6 5. Nc3 Nc6 6. Be3 e6 7. c5 Be7 8. Nf3
O-O 9. Bb5 Ng4 10. Bf4 e5 11. Bxc6 bxc6 12. Bxe5 Bxc5 13. O-O Bb4 14. Qa4 Qb6
15. h3 Nh6 16. Rfe1 f6 17. Bh2 Nf5 18. Rac1 Bb7 19. Bc7 Qxc7 20. Nxd5 Qd7 21.
Nxb4 Nxd4 22. Nxd4 Qxd4 23. Qb3+ Kh8 24. Rcd1 Qb6 25. Re7 Bc8 26. Qf7 Rg8 27.
Rd6 Bxh3 28. Rxf6 Qxb4 29. Rh6 Qg4 30. Rxh3 Raf8 31. Qb3 Rd8 32. Rxa7 Rd7 33.
Kh2 Qf4+ 34. Qg3 Qxg3+ 35. Kxg3 Rd3+ 36. f3 Re8 37. Rh5 h6 38. b4 Rd2 39. a4
Ree2 40. Rh2 Rd4 41. Rb7 Rb2 42. Rh4 Rdd2 43. Re4 Rxg2+ 44. Kf4 Rh2 45. Ke5
Rhg2 46. a5 Rg5+ 47. Kd6 Rxa5 48. Kxc6 Rg5 49. b5 Kh7 50. f4 Rg6+ 51. Kd5 Rf6
52. Kd4 Rb4+ 53. Ke3 Rb1 54. Ree7 Re1+ 55. Kf3 Rxe7 56. Rxe7 Rb6 57. Re5 Kg6
58. Kg4 Kf6 59. Rc5 g6 60. f5 gxf5+ 61. Rxf5+ Ke7 62. Rc5 Kd6 63. Rf5 Rb8 64.
Kh5 Kc7 65. Kxh6 Kb6 66. Kg7 Ka5 67. b6+ Kxb6 1/2-1/2

[Event "Dmitrov 2012 open"]
[Site "Dmitrov"]
[Date "2012.07.27"]
[Round "4.9"]
[White "Kobozeva, Viktoria"]
[Black "Yakushev, Vladimir"]
[Result "1/2-1/2"]
[WhiteElo "1798"]
[BlackElo "2147"]
[PlyCount "113"]
[EventDate "2012.07.25"]

1. d4 Nf6 2. c4 e5 3. dxe5 Ng4 4. Qd5 Nc6 5. Nf3 d6 6. Bg5 Qd7 7. exd6 Qxd6 8.
Nc3 Be6 9. Qxd6 Bxd6 10. e3 Nge5 11. Nxe5 Nxe5 12. Bf4 Nxc4 13. Bxc4 Bxc4 14.
Bxd6 cxd6 15. O-O-O Ke7 16. Rd4 Rac8 17. Kd2 Rc6 18. b3 Be6 19. Rc1 Rhc8 20.
Ne2 d5 21. Rxc6 bxc6 22. Nc3 Rc7 23. b4 Rb7 24. Ke2 Kf6 25. a4 a5 26. b5 cxb5
27. axb5 Ke5 28. f4+ Kf6 29. Nxd5+ Bxd5 30. Rxd5 Ke6 31. e4 Rc7 32. b6 Rc2+ 33.
Kf3 Rb2 34. Rxa5 Rxb6 35. Ra3 g6 36. g4 Kf6 37. g5+ Kg7 38. f5 gxf5 39. exf5
Rb4 40. Re3 h6 41. gxh6+ Kxh6 42. Re4 Rb3+ 43. Kg4 Rb7 44. Kf4 Ra7 45. h4 Rb7
46. Rd4 Rb1 47. Ke5 Kg7 48. f6+ Kg8 49. Rd8+ Kh7 50. Rd7 Rb5+ 51. Kd6 Kg6 52.
Ke7 Rh5 53. Rd4 Re5+ 54. Kd6 Re6+ 55. Kd5 Kxf6 56. Rf4+ Kg7 57. Rg4+ 1/2-1/2

[Event "Dmitrov 2012 open"]
[Site "Dmitrov"]
[Date "2012.07.27"]
[Round "4.10"]
[White "Mozgunov, Mikhail"]
[Black "Dugin, Andrey"]
[Result "1-0"]
[WhiteElo "2029"]
[BlackElo "1793"]
[PlyCount "55"]
[EventDate "2012.07.25"]

1. e4 e5 2. f4 exf4 3. Nf3 g5 4. h4 g4 5. Ne5 d6 6. Nxg4 Nf6 7. Nxf6+ Qxf6 8.
Nc3 c6 9. Qf3 Rg8 10. d3 Bh6 11. Be2 Nd7 12. Qf2 Ne5 13. Bd2 Bg4 14. O-O-O Bxe2
15. Qxe2 O-O-O 16. Rdf1 Rg6 17. d4 Nd7 18. e5 Qg7 19. Ne4 Rxg2 20. Nxd6+ Kb8
21. Qe4 f3 22. Bxh6 Qxh6+ 23. Kb1 Qd2 24. Nc4 Qe2 25. Qxe2 fxe2 26. Re1 Rdg8
27. Kc1 R8g4 28. Ne3 1-0

[Event "Dmitrov 2012 open"]
[Site "Dmitrov"]
[Date "2012.07.27"]
[Round "5.1"]
[White "Volkov, Sergei"]
[Black "Ustinov, Alexey"]
[Result "1/2-1/2"]
[WhiteElo "2136"]
[BlackElo "2155"]
[PlyCount "26"]
[EventDate "2012.07.25"]

1. c4 Nf6 2. g3 g6 3. Bg2 d5 4. Nf3 Bg7 5. O-O O-O 6. cxd5 Nxd5 7. Nc3 c6 8.
Qb3 Na6 9. d4 Nb6 10. Rd1 Be6 11. Qc2 Nb4 12. Qb1 N4d5 13. Bd2 Nc4 1/2-1/2

[Event "Dmitrov 2012 open"]
[Site "Dmitrov"]
[Date "2012.07.27"]
[Round "5.2"]
[White "Tarmosin, Mikhail"]
[Black "Izotov, Sergey"]
[Result "1/2-1/2"]
[WhiteElo "2100"]
[BlackElo "2123"]
[PlyCount "45"]
[EventDate "2012.07.25"]

1. e4 e5 2. Nf3 Nc6 3. Bc4 Nf6 4. d4 exd4 5. O-O Nxe4 6. Re1 d5 7. Bxd5 Qxd5 8.
Nc3 Qa5 9. Nxe4 Be6 10. Neg5 O-O-O 11. Nxe6 fxe6 12. Rxe6 Bd6 13. Bg5 Rde8 14.
Qe2 Kd7 15. Re4 Qd5 16. Re1 Rxe4 17. Qxe4 Qxe4 18. Rxe4 Re8 19. Rxe8 Kxe8 20.
Kf1 Kf7 21. Ke2 Ke6 22. Bd2 Kd5 23. h3 1/2-1/2

[Event "Dmitrov 2012 open"]
[Site "Dmitrov"]
[Date "2012.07.27"]
[Round "5.3"]
[White "Bivol, Alina"]
[Black "Dobrynina, Aleksandra"]
[Result "1/2-1/2"]
[WhiteElo "2175"]
[BlackElo "2023"]
[PlyCount "68"]
[EventDate "2012.07.25"]

1. e4 g6 2. d4 Bg7 3. Nc3 d6 4. Bg5 Nd7 5. Qd2 c5 6. dxc5 Nxc5 7. Bc4 Be6 8.
Bxe6 Nxe6 9. Be3 Qa5 10. Nge2 Nf6 11. h3 O-O 12. O-O Qc7 13. g4 Nc5 14. f3 a6
15. Rad1 b5 16. Nf4 b4 17. Ncd5 Nxd5 18. Nxd5 Qb8 19. Bd4 Bxd4+ 20. Qxd4 a5 21.
e5 Ne6 22. Qe4 Qa7+ 23. Kg2 dxe5 24. Qxe5 Rfe8 25. f4 Rac8 26. Rf2 Qb7 27. Kg3
Qb8 28. Qe3 g5 29. h4 gxf4+ 30. Nxf4 Nxf4 31. Qxf4 Qxf4+ 32. Kxf4 Rc4+ 33. Kg3
Rec8 34. Rdd2 h6 1/2-1/2

[Event "Dmitrov 2012 open"]
[Site "Dmitrov"]
[Date "2012.07.27"]
[Round "5.4"]
[White "Struzhkin, Denis"]
[Black "Denishev, Marat"]
[Result "0-1"]
[WhiteElo "2056"]
[BlackElo "2139"]
[PlyCount "70"]
[EventDate "2012.07.25"]

1. e4 c5 2. Nf3 e6 3. d4 cxd4 4. Nxd4 Nc6 5. Nc3 Qc7 6. Be3 a6 7. Nxc6 bxc6 8.
Bd3 Nf6 9. O-O Be7 10. f4 d5 11. e5 Nd7 12. Ne2 Nc5 13. Bxc5 Bxc5+ 14. Kh1 a5
15. c3 Ba6 16. Nd4 Bxd3 17. Qxd3 g6 18. Rfc1 Qb6 19. Rc2 Rb8 20. Re1 h5 21.
Nxe6 fxe6 22. Qxg6+ Kd7 23. Qf7+ Be7 24. f5 exf5 25. e6+ Kd8 26. c4 Qd4 27.
Qxf5 Rf8 28. Qxh5 Rh8 29. Rd1 Qg7 30. Qf5 Qg3 31. h3 Bd6 32. Qf6+ Kc8 33. Qxh8+
Kb7 34. Qh7+ Ka8 35. Kg1 Rf8 0-1

[Event "Dmitrov 2012 open"]
[Site "Dmitrov"]
[Date "2012.07.27"]
[Round "5.5"]
[White "Asrian, Armen"]
[Black "Rumjantsev, Juri"]
[Result "0-1"]
[WhiteElo "2119"]
[BlackElo "2133"]
[PlyCount "122"]
[EventDate "2012.07.25"]

1. e4 c5 2. Nf3 Nc6 3. d4 cxd4 4. Nxd4 Nf6 5. Nc3 g6 6. Nxc6 bxc6 7. e5 Nh5 8.
Be2 Ng7 9. O-O Qc7 10. f4 Nf5 11. Bd3 d5 12. exd6 Qb6+ 13. Kh1 Nxd6 14. b3 Bg7
15. Bb2 O-O 16. Qe2 Qc7 17. Rae1 Re8 18. Na4 Bxb2 19. Nxb2 Qa5 20. a4 Bf5 21.
Bxf5 Nxf5 22. Nc4 Qc3 23. Rf3 Qf6 24. Qe5 Qh4 25. Ref1 Rad8 26. c3 Rd7 27. Kg1
Rc8 28. b4 Rd5 29. Qe2 Rcd8 30. Ne3 Nxe3 31. Qxe3 R8d7 32. f5 Rd1 33. fxg6
Rxf1+ 34. Rxf1 hxg6 35. Qc5 Qe4 36. Qf2 Qc4 37. h3 a6 38. Qf4 Qe6 39. Rf3 Rd5
40. Kh2 Kg7 41. c4 Re5 42. Qd4 f6 43. Ra3 Re4 44. Qd3 Qxc4 45. Qxc4 Rxc4 46.
Rb3 f5 47. Kg3 g5 48. Kf3 Kf6 49. Ke3 Rc2 50. Kf3 e5 51. b5 e4+ 52. Ke3 cxb5
53. axb5 axb5 54. g4 Rh2 55. Rxb5 Rxh3+ 56. Kd4 Rd3+ 57. Kc4 fxg4 58. Rb2 g3
59. Rb5 g2 60. Rb1 Kf5 61. Rg1 Rd2 0-1

[Event "Dmitrov 2012 open"]
[Site "Dmitrov"]
[Date "2012.07.27"]
[Round "5.6"]
[White "Kirillov, Nikolay"]
[Black "Rudenok, Tatiana"]
[Result "1-0"]
[WhiteElo "2061"]
[BlackElo "2023"]
[PlyCount "71"]
[EventDate "2012.07.25"]

1. d4 Nf6 2. c4 e6 3. Nc3 Bb4 4. Qc2 O-O 5. e4 Nc6 6. Nf3 d6 7. a3 Bxc3+ 8.
bxc3 e5 9. Bd3 Bg4 10. Be3 Nd7 11. Nd2 Nb6 12. f3 Bd7 13. g4 Qh4+ 14. Bf2 Qe7
15. h4 Nd8 16. d5 f6 17. Nf1 Kf7 18. Ne3 Ke8 19. Nf5 Bxf5 20. gxf5 Kd7 21. Rg1
Rg8 22. a4 Kc8 23. Qb3 Nd7 24. c5 Nxc5 25. Bxc5 dxc5 26. d6 Qxd6 27. Bc4 Rh8
28. Rxg7 Qf8 29. Be6+ Kb8 30. Rd7 Qh6 31. Ke2 Qxh4 32. Qd5 Qh2+ 33. Kd3 Nc6 34.
Qxc6 bxc6 35. Rb1+ Kc8 36. Rd6# 1-0

[Event "Dmitrov 2012 open"]
[Site "Dmitrov"]
[Date "2012.07.27"]
[Round "5.7"]
[White "Studennikov, Dmitry"]
[Black "Mozgunov, Mikhail"]
[Result "0-1"]
[WhiteElo "1650"]
[BlackElo "2029"]
[PlyCount "158"]
[EventDate "2012.07.25"]

1. e4 d6 2. d4 Nf6 3. Nc3 g6 4. g3 Bg7 5. Bg2 O-O 6. Nge2 c6 7. a4 Nbd7 8. O-O
e5 9. b3 Re8 10. Bb2 exd4 11. Nxd4 Nc5 12. Re1 a5 13. Qd2 Qe7 14. Rad1 Nh5 15.
Nb1 Ne6 16. Nxe6 Bxb2 17. Nd4 Bxd4 18. Qxd4 Rd8 19. Nd2 Be6 20. Nc4 Bxc4 21.
Qxc4 Nf6 22. Qc3 Qe5 23. Qd3 Qc5 24. Qd4 Ne8 25. Rd2 Qxd4 26. Rxd4 Kf8 27. Red1
Ke7 28. Bf1 Nc7 29. Bc4 Rab8 30. Ra1 h6 31. Kg2 g5 32. h3 h5 33. Rd2 Ne8 34. c3
Nf6 35. b4 Ra8 36. Bb3 b6 37. Re1 Nd7 38. Red1 Ne5 39. Re2 g4 40. h4 Rg8 41.
Red2 Rg6 42. Re2 Rf6 43. Re3 c5 44. Bd5 Rc8 45. b5 c4 46. Ra1 Rc5 47. Ba8 Kd7
48. Ra2 Re6 49. Rd2 Rg6 50. Ra2 Rg8 51. Bd5 Re8 52. Rd2 Re7 53. Ba8 Rc8 54. Bd5
Ree8 55. Rd1 Re7 56. Rd2 Ke8 57. Rd1 Kf8 58. Rd2 Kg7 59. Rd1 Kf6 60. Rd4 Rec7
61. Rd2 Rg8 62. Rd1 Rg6 63. Rd2 Ke7 64. Rd1 Rf6 65. Rd2 Rf3 66. Rxf3 Nxf3 67.
Rd1 Rc5 68. Kf1 Ne5 69. Kg2 Kf6 70. Rd2 Nf3 71. Rd1 Ne5 72. Rd2 Nd3 73. Ba8 Ke5
74. Re2 Rc8 75. Bb7 Rc7 76. Ba8 Nc5 77. Kf1 Nxa4 78. Rc2 Nc5 79. Rd2 Nd3 0-1

[Event "Dmitrov 2012 open"]
[Site "Dmitrov"]
[Date "2012.07.27"]
[Round "5.8"]
[White "Berezin, Viktor"]
[Black "Ofitserian, Boris"]
[Result "0-1"]
[WhiteElo "2124"]
[BlackElo "2049"]
[PlyCount "114"]
[EventDate "2012.07.25"]

1. e4 c5 2. Nf3 d6 3. d4 cxd4 4. Nxd4 Nf6 5. Nc3 a6 6. Bg5 e6 7. f4 Be7 8. Qf3
Qc7 9. O-O-O Nbd7 10. Bd3 h6 11. Qh3 Nb6 12. Rhe1 e5 13. Nf5 Bxf5 14. exf5
O-O-O 15. Bxf6 Bxf6 16. fxe5 Bxe5 17. f6+ Kb8 18. Rxe5 dxe5 19. fxg7 Rhg8 20.
Qxh6 Qd6 21. Qg5 f6 22. Qg6 Qe7 23. Rf1 Rd6 24. g3 Rxg7 25. Qf5 Qc7 26. Kb1 Nc4
27. Bxc4 Qxc4 28. Ne4 Rc6 29. Rf2 Qd4 30. b3 Rd7 31. h4 Rdc7 32. Rd2 Qe3 33.
Rd8+ Ka7 34. Rd2 Rb6 35. Rd3 Qe1+ 36. Kb2 a5 37. Nd6 Qe2 38. Rd5 Ka6 39. Qd3+
Qxd3 40. Rxd3 Rbc6 41. Nc4 e4 42. Rd5 b5 43. Na3 e3 44. Rd1 Rg7 45. c4 b4 46.
Nc2 Rxg3 47. Re1 Re6 48. Nd4 Re4 49. Nf5 Rf3 50. Nd6 Rd4 51. c5 Rd2+ 52. Kc1
Rxa2 53. Kb1 Rg2 54. Nc4 e2 55. Nd2 Rd3 56. Kc2 Rc3+ 57. Kb2 Rxc5 0-1

[Event "Dmitrov 2012 open"]
[Site "Dmitrov"]
[Date "2012.07.27"]
[Round "5.9"]
[White "Yakushev, Vladimir"]
[Black "Sepp, Yuri"]
[Result "1-0"]
[WhiteElo "2147"]
[BlackElo "1967"]
[PlyCount "47"]
[EventDate "2012.07.25"]

1. e4 c5 2. d4 cxd4 3. c3 dxc3 4. Nxc3 d6 5. Bc4 e6 6. Nf3 Nf6 7. O-O Be7 8.
Qe2 O-O 9. Rd1 Qc7 10. h3 a6 11. Bf4 e5 12. Be3 b5 13. Bd5 Bb7 14. Rac1 Nc6 15.
Bxc6 Bxc6 16. Nd5 Nxd5 17. exd5 Qa5 18. Rxc6 Qxa2 19. Qd2 Rfd8 20. Rc7 Kf8 21.
Rdc1 e4 22. Ng5 Bxg5 23. Bxg5 f6 24. Bxf6 1-0

[Event "Dmitrov 2012 open"]
[Site "Dmitrov"]
[Date "2012.07.28"]
[Round "6.1"]
[White "Rumjantsev, Juri"]
[Black "Volkov, Sergei"]
[Result "0-1"]
[WhiteElo "2133"]
[BlackElo "2136"]
[PlyCount "96"]
[EventDate "2012.07.25"]

1. d4 Nf6 2. c4 e5 3. Nf3 e4 4. Nfd2 c6 5. Nc3 d5 6. cxd5 cxd5 7. Nb3 Be7 8.
Bg5 O-O 9. e3 Be6 10. Be2 Nbd7 11. O-O h6 12. Bh4 Rc8 13. Rc1 Nb6 14. Nd2 Ne8
15. Bxe7 Qxe7 16. Qb3 Nd6 17. Qb4 Rc7 18. Nb5 Nxb5 19. Qxe7 Rxe7 20. Bxb5 Rc8
21. Rxc8+ Nxc8 22. Rc1 Nd6 23. Be2 Ne8 24. Kf1 Kf8 25. Nb3 Rc7 26. Rxc7 Nxc7
27. Na5 b6 28. Nc6 a5 29. Ne5 g5 30. Bh5 f6 31. Ng4 Kg7 32. f3 Nb5 33. Nf2 Nd6
34. Ke2 f5 35. fxe4 dxe4 36. b3 b5 37. Nd1 b4 38. Nb2 f4 39. h3 Bd7 40. Bg4
Bb5+ 41. Kf2 Kf6 42. h4 Nf5 43. hxg5+ hxg5 44. Bxf5 Kxf5 45. Na4 Bxa4 46. bxa4
Ke6 47. Ke2 Kd6 48. g4 fxe3 0-1

[Event "Dmitrov 2012 open"]
[Site "Dmitrov"]
[Date "2012.07.28"]
[Round "6.2"]
[White "Ustinov, Alexey"]
[Black "Tarmosin, Mikhail"]
[Result "1-0"]
[WhiteElo "2155"]
[BlackElo "2100"]
[PlyCount "41"]
[EventDate "2012.07.25"]

1. d4 d5 2. Bg5 c6 3. Nc3 Bf5 4. Qd2 Nd7 5. O-O-O Qa5 6. f3 e6 7. e4 Bg6 8. Bd3
Bb4 9. Nge2 f6 10. Bh4 Ne7 11. Kb1 O-O 12. a3 Bxc3 13. Nxc3 dxe4 14. fxe4 Qh5
15. Bg3 e5 16. dxe5 Nxe5 17. Be2 Qh6 18. Bf4 Qh4 19. h3 Rad8 20. Qxd8 Qxf4 21.
Qxe7 1-0

[Event "Dmitrov 2012 open"]
[Site "Dmitrov"]
[Date "2012.07.28"]
[Round "6.3"]
[White "Denishev, Marat"]
[Black "Izotov, Sergey"]
[Result "0-1"]
[WhiteElo "2139"]
[BlackElo "2123"]
[PlyCount "132"]
[EventDate "2012.07.25"]

1. d4 Nf6 2. Nf3 g6 3. c4 Bg7 4. g3 O-O 5. Bg2 d5 6. O-O c6 7. Nc3 dxc4 8. a4
h6 9. e4 Be6 10. Qc2 Na6 11. Rd1 Qa5 12. Ne5 Ng4 13. Nxg4 Bxg4 14. f3 Be6 15.
Be3 Rad8 16. Ne2 g5 17. f4 gxf4 18. Nxf4 Bg4 19. Ne2 Qb6 20. e5 Qb3 21. Qxb3
cxb3 22. Kf2 Nb4 23. Ra3 Bxe5 24. Rxb3 a5 25. d5 Nxd5 26. Bxd5 cxd5 27. Bxh6
Bg7 28. Bxg7 Kxg7 29. Rxb7 e6 30. Rd4 Bxe2 31. Kxe2 Rb8 32. Rg4+ Kf6 33. Rf4+
Ke5 34. Rfxf7 Rxf7 35. Rxb8 Kd4 36. Rb5 Rc7 37. h4 Rc2+ 38. Kf3 e5 39. Rxa5
Rxb2 40. h5 e4+ 41. Kg4 Rb8 42. h6 Rg8+ 43. Kf4 Rf8+ 44. Kg5 e3 45. Ra7 Re8 46.
Rb7 e2 47. Rb1 e1=Q 48. Rxe1 Rxe1 49. h7 Re8 50. Kf6 Kc5 51. g4 d4 52. g5 d3
53. Kf7 Rh8 54. g6 d2 55. Kg7 Rd8 56. h8=Q Rxh8 57. Kxh8 d1=Q 58. g7 Qh5+ 59.
Kg8 Kd6 60. a5 Qxa5 61. Kf8 Qf5+ 62. Ke8 Qg6+ 63. Kf8 Qf6+ 64. Kg8 Ke7 65. Kh7
Qh4+ 66. Kg6 Qg4+ 0-1

[Event "Dmitrov 2012 open"]
[Site "Dmitrov"]
[Date "2012.07.28"]
[Round "6.4"]
[White "Mozgunov, Mikhail"]
[Black "Kirillov, Nikolay"]
[Result "0-1"]
[WhiteElo "2029"]
[BlackElo "2061"]
[PlyCount "62"]
[EventDate "2012.07.25"]

1. e4 e6 2. d4 d5 3. Nd2 Nf6 4. e5 Nfd7 5. Bd3 c5 6. c3 Nc6 7. Ne2 Be7 8. O-O
O-O 9. Nf3 f6 10. Nf4 Ncxe5 11. dxe5 fxe5 12. Nxe5 Nxe5 13. Bxh7+ Kxh7 14. Qh5+
Kg8 15. Qxe5 Bd6 16. Nxe6 Bxe5 17. Nxd8 Rxd8 18. Bg5 Bf6 19. Bxf6 gxf6 20. Rfe1
Kf7 21. b4 cxb4 22. cxb4 Be6 23. Rad1 Rac8 24. Rd2 d4 25. f4 d3 26. Kf2 Rc2 27.
Ke3 Bxa2 28. Ra1 Bc4 29. Rdd1 Re2+ 30. Kf3 Bd5+ 31. Kg4 Rg8+ 0-1

[Event "Dmitrov 2012 open"]
[Site "Dmitrov"]
[Date "2012.07.28"]
[Round "6.5"]
[White "Ofitserian, Boris"]
[Black "Dobrynina, Aleksandra"]
[Result "1/2-1/2"]
[WhiteElo "2049"]
[BlackElo "2023"]
[PlyCount "57"]
[EventDate "2012.07.25"]

1. d4 e6 2. Nf3 d5 3. Bf4 c6 4. c3 Bd6 5. Bxd6 Qxd6 6. Nbd2 Nd7 7. e4 dxe4 8.
Nxe4 Qc7 9. Bd3 Ngf6 10. Qe2 Nxe4 11. Bxe4 Nf6 12. Bc2 O-O 13. O-O b6 14. Ne5
Bb7 15. f4 c5 16. f5 Rfe8 17. fxe6 Rxe6 18. Bb3 Re7 19. Rad1 Rae8 20. Qf2 Ba6
21. Rfe1 Bb7 22. Rf1 Be4 23. Ba4 Rf8 24. Rde1 a6 25. Qg3 Bg6 26. Nc6 Rd7 27.
Ne5 Re7 28. Nc6 Rd7 29. Ne5 1/2-1/2

[Event "Dmitrov 2012 open"]
[Site "Dmitrov"]
[Date "2012.07.28"]
[Round "6.6"]
[White "Asrian, Armen"]
[Black "Bivol, Alina"]
[Result "0-1"]
[WhiteElo "2119"]
[BlackElo "2175"]
[PlyCount "124"]
[EventDate "2012.07.25"]

1. e4 e6 2. d4 d5 3. e5 c5 4. c3 Nc6 5. Nf3 Bd7 6. Be2 Rc8 7. O-O cxd4 8. cxd4
Nge7 9. Nc3 Ng6 10. Be3 Be7 11. Qd2 O-O 12. Rac1 f6 13. exf6 Bxf6 14. Bd3 Be8
15. Rfe1 Qd7 16. Bb1 Rd8 17. Rcd1 h6 18. Qc2 Nce7 19. b3 Nf5 20. Bc1 Qd6 21.
Qe2 Bf7 22. Nb5 Qb8 23. Ba3 Rfe8 24. g4 Nfh4 25. Bxg6 Bxg6 26. Nxh4 Bxh4 27.
Qe5 Qxe5 28. dxe5 a6 29. Nd6 Rf8 30. Bc5 Rf4 31. h3 Rd7 32. Be3 Rf8 33. Rc1 h5
34. g5 d4 35. Bxd4 Bxg5 36. Be3 Be7 37. Red1 h4 38. Rd4 Rfd8 39. Rcd1 Bh5 40.
R1d2 Rc7 41. Kg2 Rf8 42. Rf4 Rxf4 43. Bxf4 Bg6 44. Kf3 Bh5+ 45. Kg2 Bg6 46. Be3
b5 47. Kf3 Bh5+ 48. Kg2 Bg6 49. b4 Rc3 50. Bc5 Bg5 51. Re2 Bh5 52. Re1 Bf3+ 53.
Kg1 Bd2 54. Rb1 Bd5 55. Rd1 Rxh3 56. f3 Bf4 57. Nc8 Rh1+ 58. Kxh1 Bxf3+ 59. Kg1
Bxd1 60. Ne7+ Kh7 61. Nc6 Bf3 62. Nd4 Bd5 0-1

[Event "Dmitrov 2012 open"]
[Site "Dmitrov"]
[Date "2012.07.28"]
[Round "6.7"]
[White "Rudenok, Tatiana"]
[Black "Yakushev, Vladimir"]
[Result "1-0"]
[WhiteElo "2023"]
[BlackElo "2147"]
[PlyCount "69"]
[EventDate "2012.07.25"]

1. e4 e5 2. d4 exd4 3. Qxd4 Nc6 4. Qe3 g6 5. Nc3 Bg7 6. Bd2 Nf6 7. O-O-O O-O 8.
f4 d5 9. exd5 Nxd5 10. Qf3 Nxc3 11. Bxc3 Qe7 12. Bxg7 Kxg7 13. Qc3+ Qf6 14.
Qxf6+ Kxf6 15. Nf3 Be6 16. Ng5 Bg4 17. Nxh7+ Kg7 18. Nxf8 Bxd1 19. Nxg6 Bxc2
20. Kxc2 fxg6 21. Bc4 Nd4+ 22. Kc3 c5 23. Re1 b5 24. Re7+ Kh6 25. Bd3 a5 26.
Re5 Rc8 27. Rg5 Rc6 28. a3 c4 29. Kxd4 Rd6+ 30. Kc5 Rxd3 31. Kxb5 Rb3+ 32. Kxc4
Rxb2 33. g3 a4 34. Rb5 Rxh2 35. Kb4 1-0